00560nam a22001935i 450000100060000000300090000600500170001500700030003200800410003504000200007610000230009624500360011926000350015530000300019049000520022083000520027285200210032485200210034568667ES-MaACL20230906170330.0t|960827s1881 fr a ||||1| fre d aCAM bspa cCAM1 aGerspach, Edouard.13aLa mosaïque / cpar Gerspach. aParis : bA. Quantin, c[1881] a271 p. : bil. ; c21 cm.1 aBibliothèque de l'enseignement des beaux-arts0 aBibliothèque de l'enseignement des beaux-arts aES-MaACLjB-2556 aES-MaACLjC-3300